William Holden Filmography - Statistics

General Stats
  • This quiz has been taken 65 times
    31 since last reset
  • The average score is 15 of 95
Answer Stats
Type Year Name % Correct
Film 1954 Sabrina
87%
Film 1950 SUNSET BLVD.
87%
Film 1953 Stalag 17
74%
Film 1976 Network
70%
Film 1957 The Bridge on the River Kwai
65%
Film 1955 Picnic
57%
Film 1969 The Wild Bunch
52%
Film 1955 Love Is a Many-Splendored Thing
48%
Film 1950 Born Yesterday
43%
Film 1973 Breezy
39%
Film 1939 Golden Boy
35%
Radio Series 1940-1953 Lux Radio Theatre
35%
Film 1962 The Counterfeit Traitor
35%
Film 1954 The Country Girl
35%
Film 1959 The Horse Soldiers
35%
Film 1940 Our Town
30%
Film 1954 The Bridges at Toko-Ri
30%
Film 1974 The Towering Inferno
30%
Film 1966 Alvarez Kelly
26%
Film 1954 Executive Suite
26%
Film 1962 The Lion
26%
Film 1981 S.O.B.
22%
Film 1950 Union Station
22%
Film 1948 Apartment for Peggy
17%
Film 1978 Fedora
17%
Film 1964 Paris When It Sizzles
17%
Film 1962 Satan Never Sleeps
17%
Film 1951 Submarine Command
17%
Film 1941 Texas
17%
Film 1968 The Devil's Brigade
17%
Film 1948 The Man from Colorado
17%
Film 1978 Damien: Omen II
13%
Film 1953 Escape from Fort Bravo
13%
TV Show 1955 I Love Lucy
13%
Film 1948 Rachel and the Stranger
13%
Film 1949 Streets of Laredo
13%
Film 1964 The 7th Dawn
13%
TV Film 1973 The Blue Knight
13%
Film 1980 The Earthling
13%
Film 1953 The Moon Is Blue
13%
Film 1956 The Proud and Profane
13%
Film 1960 The World of Suzie Wong
13%
Film 1956 Toward the Unknown
13%
Film 1952 Boots Malone
9%
Film 1950 Father Is a Bachelor
9%
Film 1942 Meet the Stewarts
9%
Film 1969 The Christmas Tree
9%
Film 1948 The Dark Past
9%
Film 1958 The Key
9%
Film 1942 The Remarkable Andrew
9%
Film 1972 The Revengers
9%
Film 1952 The Turning Point
9%
Film 1980 When Time Ran Out
9%
Film 1971 Wild Rovers
9%
Film 1940 Arizona
4%
Film 1979 Ashanti
4%
Film 1947 Blaze of Noon
4%
Film 1967 Casino Royale
4%
Film 1947 Dear Ruth
4%
Film 1949 Dear Wife
4%
Film 1979 Escape to Athena
4%
Film 1951 Force of Arms
4%
Film 1953 Forever Female
4%
Radio Series 1952 Hollywood Star Playhouse
4%
Film 1939 Invisible Stripes
4%
Film 1941 I Wanted Wings
4%
Radio Series 1953 Lux Summer Theatre
4%
Film 1939 Million Dollar Legs
4%
Film 1949 Miss Grant Takes Richmond
4%
Film 1974 Open Season
4%
Film 1938 Prison Farm
4%
Film 1942 The Fleet's In
4%
TV Show 1956 The Jack Benny Program
4%
Film 1940 Those Were the Days!
4%
Film 1947 Variety Girl
4%
Film 1943 Young and Willing
4%
TV Film 1976 21 Hours to Munich
0%
TV Documentary 1969 Adventures at the Jade Sea
0%
TV Documentary 1978 Bing Crosby: His Life and Legend
0%
Film 1953 Die Jungfrau auf dem Dach
0%
Documentary 1960 Et par ord om Danmark
0%
TV Show 1954, 1955, 1956 Lux Video Theatre
0%
Radio Series 1950 M-G-M Theater of the Air
0%
TV Documentary 1980 Mysteries of the Sea
0%
TV Show 1956 Perry Como's Kraft Music Halla
0%
TV Show 1956 Producers' Showcase
0%
Short Documentary 1943 Reconnaissance Pilot
0%
TV Documentary 1961 Report on Hong Kong
0%
Radio Series 1951 Screen Directors Playhouse
0%
Radio Series 1954 Suspense
0%
TV Show 1954, 1955 The Colgate Comedy Hour
0%
TV Show 1968, 1973 The Dean Martin Show
0%
TV Show 1958 The Ed Sullivan Show
0%
TV Show 1972, 1976, 1977 The Mike Douglas Show
0%
TV Show 1957 The Steve Allen Plymouth Show
0%
No matching quizzes found
Score Distribution
Percent of People with Each Score
Percentile by Number Answered
Your Score History
You have not taken this quiz since the last reset